Southville International School and Colleges
Your cart is empty.
  • Cart
  • Lists
    Public lists Eva Luna New books Lux_list list_1
    Your lists Log in to create your own lists
  • Log in to your account
  • Your cookies
  • Search history
Southville International School and Colleges
  • Advanced search
  • Recent comments
  • Most popular
  • Libraries

Log in to your account

Log in with GOOGLE


If you do not have an external account, but do have a local account, you can still log in:

  1. Home
  2. MARC view: Up from slavery /
Normal view MARC view ISBD view

Up from slavery / (Record no. 356617)

[ view plain ]
MARC details
000 -LEADER
fixed length control field 00684nam a2200253Ia 4500
008 - FIXED-LENGTH DATA ELEMENTS--GENERAL INFORMATION
fixed length control field 180523s9999 xx 000 0 und d
020 ## - INTERNATIONAL STANDARD BOOK NUMBER
International Standard Book Number 0-486-28738-6
050 ## - LIBRARY OF CONGRESS CALL NUMBER
Classification number MAIN E 185.97
050 ## - LIBRARY OF CONGRESS CALL NUMBER
Item number .W37 1995
100 ## - MAIN ENTRY--PERSONAL NAME
Personal name Washington, Booker T.
245 #0 - TITLE STATEMENT
Title Up from slavery /
245 #0 - TITLE STATEMENT
Statement of responsibility, etc Booker T. Washington.
260 ## - PUBLICATION, DISTRIBUTION, ETC. (IMPRINT)
Place of publication, distribution, etc New York :
260 ## - PUBLICATION, DISTRIBUTION, ETC. (IMPRINT)
Name of publisher, distributor, etc Dover Pub, Inc.,
260 ## - PUBLICATION, DISTRIBUTION, ETC. (IMPRINT)
Date of publication, distribution, etc 1995
300 ## - PHYSICAL DESCRIPTION
Extent 166 pages :
300 ## - PHYSICAL DESCRIPTION
Dimensions 21 cm.
440 ## - SERIES STATEMENT/ADDED ENTRY--TITLE
Title Dover thrift editions
500 ## - GENERAL NOTE
General note Includes index.
650 ## - SUBJECT ADDED ENTRY--TOPICAL TERM
Topical term or geographic name as entry element Educators -- United States -- Biography.
650 ## - SUBJECT ADDED ENTRY--TOPICAL TERM
Topical term or geographic name as entry element Washington, Booker T.
650 ## - SUBJECT ADDED ENTRY--TOPICAL TERM
General subdivision Afro-Americans -- Biography.
650 ## - SUBJECT ADDED ENTRY--TOPICAL TERM
General subdivision Tuskegee Insitute.
Holdings
Withdrawn status Lost status Damaged status Home library Current library Shelving location Date acquired Total Checkouts Full call number Barcode Date last seen Price effective from Koha item type
      South Mansfield College South Mansfield College   03/07/2005   MAIN E 185.97 .W37 1995 SMC00881 05/23/2018 05/23/2018  

Up from slavery /

APA

Washington B. T., .Up from slavery. New York: .

Chicago

Washington Booker T, .Up from slavery. New York: .

Harvard

Washington B. T., .Up from slavery. New York: .

MLA

Washington Booker T, .New York: . .

  • Place hold
  • Print
  • Cite
  • Add to your cart (remove)
  • Save record
    BIBTEX Dublin Core MARCXML MARC (non-Unicode/MARC-8) MARC (Unicode/UTF-8) MARC (Unicode/UTF-8, Standard) MODS (XML) RIS
  • More searches
    Search for this title in:
    Other Libraries (WorldCat) Other Databases (Google Scholar) Online Stores (Bookfinder.com) Open Library (openlibrary.org)

Exporting to Dublin Core...

SOUTHVILLE LIBRARY

Southville International School and Colleges Library

1281 Tropical Ave. Cor. Luxembourg St., BF Homes International, Las Pinas City

Tel. No. 8256374 / 252358 Loc. 117/146

Powered by Koha